Normal view MARC view

Entry Personal Name

Number of records used in: 3

001 - CONTROL NUMBER

  • control field: 1237295

003 - CONTROL NUMBER IDENTIFIER

  • control field: OSt

005 - DATE AND TIME OF LATEST TRANSACTION

  • control field: 20260430150354.0

008 - FIXED-LENGTH DATA ELEMENTS

  • fixed length control field: 260430|| aca||aabn | a|a d

040 ## - CATALOGING SOURCE

  • Original cataloging agency: OSt
  • Transcribing agency: OSt

100 ## - HEADING--PERSONAL NAME

  • Personal name: University of Delhi. Faculty of Social Sciences. Deptt. of Political Science

670 ## - SOURCE DATA FOUND

  • Source citation: Work cat.: (OSt)1849627: P.Arun Au.; Singh Ujjwal Kumar Gu. 1237294, Communications Survillance in Democracy: A Comparative Study of India, United States of America and United Kingdom, 2022
Copyright @ Delhi University Library System